01307nam a2200265 a 450000100100000000500170001000800410002702000180006804000250008608200180011110000260012924500620015526000470021730000360026450000570030059000640035765000610042165000660048265100980054804900090064695201310065595201160078695201220090299900170102400001850820200929165821.0100511s2009 dr ac 000 0 spa d a9789945871005 aDO-SdBNPbspacBNPHU a394.13bA452m1 aAlmonte, Raphy94003710aMis vivencias :b¡cotorra e' borracho! /cRaphy Almonte. aSanto Domingo :bDespacho Creativo,c2009. a136 p. :bil., retrs. ;c21 cm. aIncluye datos biográficos del autor en las solapas aLa biblioteca posee 3 ejemplares autografiados por el autor 4aConsumo de bebidas alcoholicasxAspectos sociales940038 4aHumoristaszRepública DominicanaxRelatos personales940039 4aRepública DominicanaxVida Social Y CostumbresxAnécdotas, Chistes, Sátiras Etc.940040 aBNPD 001054708DSaGRbGRcCTd2010-05-11iLF1l0o394.13 A452mp18508-30r2020-06-25te. 3w2020-06-25yLFDSZPréstamo en sala 0010718PDaPDbPDcCTd2010-05-11iLF1l0o394.13 A452mp18508-10r2020-06-25w2020-06-25yLFPDZNo se presta 0010718PDaPDbPDcCTd2010-05-11iLF1l0o394.13 A452mp18508-20r2020-06-25te. 2w2020-06-25yLFPDZNo se presta c18028d18028